| 000 | 01175nam a2200253Ia 4500 | ||
|---|---|---|---|
| 001 | 16265 | ||
| 003 | GE_BSU | ||
| 008 | 181216s||||||||xx |||||||||||||| ||und|| | ||
| 020 | _aISBN 99928-32-64-9 | ||
| 040 | _cGE_BSU | ||
| 080 | _a342.9(479.22)(076.5) | ||
| 100 | _aსალხინაშვილი, მაკა | ||
| 245 | _aპრაქტიკუმი საქართველოს ადმინისტრაციულ სამართალსა და ადმინისტრაციულ საპროცესო სამართალში | ||
| 245 | _cრედ.: ვალერი ლორია | ||
| 260 | _aთბილისი | ||
| 260 | _bმერიდიანი | ||
| 260 | _c2003 | ||
| 300 | _a320გვ. ; 20სმ | ||
| 300 | _bსქემები:გვ.275-320 | ||
| 541 | _h6ლ. | ||
| 653 | _aსამართალი | ||
| 653 | _aსაქართველოს ადმინისტრაციული სამართალი; საქართველოს ადმინისტრაციული საპროცესო სამართალი; | ||
| 942 | _cBK | ||
| 999 |
_c49348 _d49348 |
||